000 00664nam a2200145Ia 4500
008 171212s9999 xx 000 0 und d
020 _a9781760460747
100 _aFlexner, James L.
245 _cFlexner, James L.
_aAn Archaeology of Early Christianity in Vanuatu
_bKastom and Religious Change on Tanna and Erromango, 1839–1920
260 _bANU E Press
_c2016
440 _aTerra Australis
650 _aArchaeology and religion -- Vanuatu; Christian antiquities -- Vanuatu; Tanna Island (Vanuatu) -- Church history -- 19th century; Eromanga (Vanuatu) -- Church history -- 19th century
650 _aReligion
856 _uhttp://jstor.org/stable/j.ctt1q1crx5
999 _c350986
_d350986